Nehru the Architect of Indian Science (Record no. 223396)
[ view plain ]
| 000 -LEADER | |
|---|---|
| fixed length control field | 00668nam a22001937a 4500 |
| 005 - DATE AND TIME OF LATEST TRANSACTION | |
| control field | 20220622095616.0 |
| 008 - FIXED-LENGTH DATA ELEMENTS--GENERAL INFORMATION | |
| fixed length control field | 220616b ||||| |||| 00| 0 eng d |
| 040 ## - CATALOGING SOURCE | |
| Transcribing agency | AL |
| 041 ## - LANGUAGE CODE | |
| Language code of text/sound track or separate title | English |
| 082 ## - DEWEY DECIMAL CLASSIFICATION NUMBER | |
| Edition number | 23 |
| Classification number | 954.04 |
| Item number | NATN |
| 100 ## - MAIN ENTRY--PERSONAL NAME | |
| Personal name | NISTADS |
| 100 ## - MAIN ENTRY--PERSONAL NAME | |
| 9 (RLIN) | 44376 |
| 245 ## - TITLE STATEMENT | |
| Title | Nehru the Architect of Indian Science |
| 260 ## - PUBLICATION, DISTRIBUTION, ETC. | |
| Place of publication, distribution, etc. | New Delhi |
| Name of publisher, distributor, etc. | National Institute of Science Technology and Development Studies |
| Date of publication, distribution, etc. | 1989 |
| 300 ## - PHYSICAL DESCRIPTION | |
| Extent | 62 p. |
| Other physical details | HB |
| Dimensions | 21.5x29 cm. |
| 650 ## - SUBJECT ADDED ENTRY--TOPICAL TERM | |
| Topical term or geographic name entry element | Nehru Jawaharlal 1889-1964 |
| 9 (RLIN) | 43356 |
| 650 ## - SUBJECT ADDED ENTRY--TOPICAL TERM | |
| Topical term or geographic name entry element | Council of Scientific and Industrial Research |
| 9 (RLIN) | 44377 |
| 700 ## - ADDED ENTRY--PERSONAL NAME | |
| Personal name | NATIONAL INSTITUTE OF SCIENCE TECHNOLOGY AND DEVELOPMENT STUDIES |
| 9 (RLIN) | 44378 |
| 942 ## - ADDED ENTRY ELEMENTS (KOHA) | |
| Source of classification or shelving scheme | Dewey Decimal Classification |
| Koha item type | George Fernandes Collections |
| Withdrawn status | Lost status | Source of classification or shelving scheme | Damaged status | Not for loan | Collection code | Home library | Current library | Date acquired | Total Checkouts | Full call number | Barcode | Date last seen | Price effective from | Koha item type |
|---|---|---|---|---|---|---|---|---|---|---|---|---|---|---|
| Dewey Decimal Classification | History | St Aloysius Library | St Aloysius Library | 03/23/2013 | 954.04 NATN | GF02174 | 06/16/2022 | 06/16/2022 | George Fernandes Collections |